Films avec Yolande Moreau par image - Statistiques

Statistiques générales
  • Ce quiz a été pris 18 fois
  • Le résultat moyen est 4 sur 16
Statistiques - réponses
Par images Réponse % Correct
Le Fabuleux Destin d'Amélie Poulain
100%
Germinal
72%
Les Trois Frères
61%
Mammuth
39%
Séraphine
33%
Micmacs à tire-larigot
28%
Camille redouble
17%
Le Tout Nouveau Testament
17%
Louise-Michel
17%
Quand la mer monte...
17%
Rebelles
17%
Gainsbourg (vie héroïque)
6%
La Bonne Epouse
6%
La Fiancée du poète
6%
Musée haut, musée bas
6%
Voyage en Chine
6%
Aucun quiz correspondant
Distribution des résultats
% des personnes avec chaque résultat
Percentile par nombre de réponses
Votre historique - résultats
Vous n’avez pas pris ce quiz